Wstęp do metod optymalizacji i identyfikacji obiektów przemysłowych : (Rekord nr 27955)
| 000 -ETYKIETA REKORDU | |
|---|---|
| podpole kontrolne o stałej długości | 01331nam a2200373 i 4500 |
| 001 - NUMER KONTROLNY REKORDU | |
| pole kontrolne | 27955 |
| 003 - IDENTYFIKATOR NUMERU KONTROLNEGO REKORDU | |
| podpole kontrolne | KOSZ 005 |
| 005 - DATA OSTATNIEJ MODYFIKACJI REKORDU | |
| podpole kontrolne | 20210318150027.0 |
| 008 - POLE O STAŁEJ DŁUGOŚCI - DANE KONTROLNE | |
| podpole kontrolne o stałej długości | 000320s1979 pl a |000 0 pol |
| 015 ## - NUMER BIBLIOGRAFII NARODOWEJ | |
| Numer bibliografii narodowej | PB 1980/2569 |
| 035 ## - NUMER SYSTEMOWY | |
| Numer systemowy przejętego rekordu | (OCoLC)830236414 |
| 040 ## - ŹRÓDŁO KATALOGOWANIA | |
| Instytucja, która sporządziła opis | WA N |
| Instytucja, która utworzyła rekord | WA N |
| Instytucja, która dokonała modyfikacji | KOSZ 005/HR |
| 041 0# - KOD JĘZYKA | |
| Kod języka tekstu | pol |
| 046 ## - DATY KODOWANE | |
| Pojedyncza data lub początek okresu powstania dzieła lub zbioru dzieł | 1979 |
| 080 ## - UNIWERSALNA KLASYFIKACJA DZIESIĘTNA - UKD | |
| UKD | 519.863 |
| 080 ## - UNIWERSALNA KLASYFIKACJA DZIESIĘTNA - UKD | |
| UKD | 62-52 |
| 080 ## - UNIWERSALNA KLASYFIKACJA DZIESIĘTNA - UKD | |
| UKD | (075.8) |
| 100 1# - NAZWA OSOBOWA | |
| Nazwa osobowa | Milkiewicz, Franciszek |
| Daty związane z nazwą | (1929- ) |
| Określenie rodzaju współpracy | Autor |
| 245 10 - TYTUŁ/ODPOWIEDZIALNOŚĆ | |
| Tytuł | Wstęp do metod optymalizacji i identyfikacji obiektów przemysłowych : |
| Ciąg dalszy tytułu | skrypt [...] dla studentów VI semestru Wydziału Elektrycznego, do przedmiotu "Podstawy teorii sterowania i modelowania" / |
| Pozostałe elementy strefy tytułu i oznaczenia odpowiedzialności | Franciszek Milkiewicz ; Politechnika Gdańska. |
| 260 ## - STREFA ADRESU WYDAWNICZEGO | |
| Miejsce wydania | Gdańsk : |
| Nazwa wydawcy/dystrybutora | Wydaw. PG, |
| Data publikacji, dystrybucji/powstania dokumentu | 1979. |
| 300 ## - STREFA OPISU FIZYCZNEGO | |
| Objętość | 101 s. : |
| Inne cechy fizyczne | il.. tab., wykr. ; |
| Rozmiary | 24 cm. |
| 380 ## - FORMA I TYP PUBLIKACJI | |
| Forma i typ publikacji | Książki |
| 388 ## - CZAS POWSTANIA | |
| Czas powstania | 1901-2000 |
| 388 ## - CZAS POWSTANIA | |
| Czas powstania | 1945-1989 |
| 504 ## - UWAGA DOTYCZĄCA BIBLIOGRAFII | |
| Informacje o bibliografii | Bibliogr. s. 100-101. |
| 650 #4 - HASŁO PRZEDMIOTOWE W FORMIE NAZWY OGÓLNEJ LUB JEDNOSTKOWEJ | |
| Nazwa ogólna lub geograficzna | Optymalizacja |
| 650 #4 - HASŁO PRZEDMIOTOWE W FORMIE NAZWY OGÓLNEJ LUB JEDNOSTKOWEJ | |
| Nazwa ogólna lub geograficzna | Modele matematyczne |
| 650 #4 - HASŁO PRZEDMIOTOWE W FORMIE NAZWY OGÓLNEJ LUB JEDNOSTKOWEJ | |
| Nazwa ogólna lub geograficzna | Sterowanie |
| 655 #4 - TERMIN INDEKSOWY - OKREŚLENIE RODZAJU/FORMY DOKUMENTU | |
| Określenie rodzaju/formy dokumentu | Podręczniki akademickie |
| 658 ## - TERMIN INDEKSOWY - PRZEDMIOT PROGRAMU NAUCZANIA | |
| Główny przedmiot programu nauczania | Inżynieria i technika |
| 710 2# - HASŁO DODATKOWE - NAZWA CIAŁA ZBIOROWEGO | |
| Nazwa ciała zbiorowego lub jednostki geograficznej | Wydawnictwo Politechniki Gdańskiej |
| Kod określenia powiązania | pbl. |
| 856 ## - LOKALIZACJA I DOSTĘP DO ELEKTRONICZNYCH DOKUMENTÓW ZDALNYCH | |
| Link (URL) | http://koha.tu.koszalin.pl/cgi-bin/koha/opac-detail.pl?biblionumber=27955 |
| Tekst linku | Katalog online BPK |
| 942 ## - DODATKOWE ELEMENTY (KOHA) | |
| Schemat klasyfikacji | Uniwersalna Klasyfikacja Dziesiętna |
| Typ dokumentu | Książka |
| Wycofany | Status egzemplarza | Uszkodzony | Dostępność | Lokalizacja stała | Lokalizacja bieżąca | Miejsce przechowywania | Sygnatura | Kod kreskowy | Typ dokumentu |
|---|---|---|---|---|---|---|---|---|---|
| Dostępny | Biblioteka Politechniki Koszalińskiej | Biblioteka Politechniki Koszalińskiej | Wypożyczalnia BG | 26270 | 01669862 | Książka |
